000 00625nam a22002057a 4500
003 OSt
005 20140310181736.0
008 130320t xxu||||| |||| 00| 0 eng d
020 _a8187248009
050 _aT 58.6
_b.V996 2005
082 _aTR 020
_bV99 2005
245 _aInformation technology for e-libraries/
_cKailash Narain Vyas.
260 _aJaipur :
_bRaj Pub. House,
_cc2005.
300 _a231 p.
_c23 cm.
520 _a1. Information services. 2. Libraries--Automation. 3. Library science--Technology innovations.
521 _aTeachers
541 _j1
562 _e1
942 _2lcc
_cBK-TR
_kTR
999 _c2603
_d2603